|
|
|
|
| LEADER |
00000cam a2200000 i 4500 |
| 001 |
1/89342 |
| 008 |
080620s1984 gr | ||| |||| ||gre|| |
| 035 |
|
|
|l 10098345
|
| 040 |
|
|
|a GR-MY-UA
|b gre
|e aacr
|
| 041 |
0 |
|
|a gre
|
| 082 |
7 |
|
|a 372.89
|2 (22)
|
| 100 |
1 |
|
|a Λαζάρου, Αχιλλεύς Γ.
|
| 245 |
1 |
2 |
|a Η ιστορία ως διδακτέα ύλη επίμαχο πρόβλημα της παιδείας
|h [ανάτυπο] /
|c Αχ. Λαζάρου.
|
| 260 |
|
|
|a Αθήνα :
|b [χ.ό.],
|c 1984.
|
| 300 |
|
|
|a [13] σ. ;
|c 24 εκ.
|
| 500 |
|
|
|a Ανάτυπο από το περιοδικό Ν. Παιδεία, τ. 31.
|
| 650 |
0 |
0 |
|a History
|x Study and teaching.
|
| 852 |
|
|
|a INST
|b RHODES
|c AKA
|e 20080620
|h 372.89 ΛΑΖ
|p 005400027988
|q 005400027988
|t BK
|y 0
|
| 901 |
|
|
|a BIBL4-2008-2
|
| 909 |
|
|
|a Ρ
|b 150625
|
| 970 |
|
|
|a ΚΟΖΑ
|b ΜΑΡΙΑ
|z 2008/06/20
|